|
|
|
|
| LEADER |
00000nab a2200000 a 4500 |
| 001 |
vtls000138428 |
| 003 |
SK-MaSNL |
| 005 |
20260304073753.0 |
| 008 |
250423c1982 xo 0 slo |
| 015 |
|
|
|a SNBRB19rr/mm-uuuuu
|
| 035 |
|
|
|a CL0148534
|
| 035 |
|
|
|a urn:nbn:sk:snk-ab2n5p
|
| 035 |
|
|
|a (urnnbn)urn:nbn:sk:snk:ar-a02nvf
|
| 035 |
|
|
|a (uuid)443b2164-e84c-46b6-a981-67b2a88a44de
|
| 040 |
|
|
|a SNKBUCL
|b slo
|c SNKBUCL
|e AACR2
|
| 041 |
0 |
|
|a slo
|
| 044 |
|
|
|a xo
|c SK
|
| 080 |
|
|
|a 75
|2 1981
|
| 080 |
|
|
|a 929 Lauro, Rajmund
|2 1981
|
| 080 |
|
|
|a 929 Bartoš, Miroslav
|2 1981
|
| 245 |
0 |
0 |
|a O výtvarnej činnosti literárnych muzejníkov
|c -mak-
|
| 600 |
1 |
7 |
|a Bartoš, Miroslav,
|d 1949-
|2 snkbucl
|9 97749
|
| 600 |
1 |
7 |
|a Lauro, Rajmund,
|d 1944-
|2 snkbucl
|9 37484
|
| 610 |
2 |
7 |
|a Dom kultúry ROH ZŤS (Martin, Slovensko)
|2 snkbucl
|9 216284
|
| 650 |
0 |
7 |
|a literárni múzejníci
|2 snkbucl
|9 1274209
|
| 650 |
0 |
7 |
|a výtvarné umenie
|2 snkbucl
|9 723
|
| 655 |
|
7 |
|a články z novín a časopisov
|2 snkbucl
|9 267496
|
| 773 |
0 |
|
|t Múzeum
|g Roč. 27, č. 2 (1982), s. 93-94
|
| 850 |
|
|
|a Slovenská národná knižnica
|
| 852 |
|
|
|a Slovenská národná knižnica
|
| 954 |
|
|
|a odborná, vedecká literatúra pôvodná (slovenská)
|2 lita
|
| 958 |
|
|
|a article27
|
| 958 |
|
|
|a BX
|
| 958 |
|
|
|a OND
|
| 958 |
|
|
|a EUIPO
|
| 992 |
|
|
|a RBX
|
| 999 |
|
|
|c 2773321
|d 2775251
|